000 00515 a2200169 4500
003 OSt
005 20250610140537.0
008 250528b |||||||| |||| 00| 0 eng d
020 _a9789355205445
040 _coclc
082 _a823.92
_bCHA/K
100 1 _aChatterjee, Debashis
_910545
245 _aKrishna: The 7th Sense /
_cDebashis Chatterjee
260 _a New Delhi
_bRupa Publications India Pvt. Ltd.
_c2022
300 _a243 pages
942 _2ddc
_cBK
_h823.92
_iCHA/K
_k823.92
_mCHA/K
999 _c44573
_d44573